|
|
|
|
| LEADER |
00000cam a2200000 7i4500 |
| 001 |
0000057763 |
| 005 |
20090329093000.0 |
| 008 |
080527s2006 si eng |
| 020 |
|
|
|a 9789812454331
|
| 020 |
|
|
|a 9812454330
|
| 090 |
0 |
0 |
|a Z246
|b .M37 2006
|
| 100 |
1 |
|
|a Marks, Terry ,
|e author
|
| 245 |
1 |
0 |
|a Color harmony layout :
|b more than 800 colorways for layouts that work
|c Terry Marks
|
| 260 |
|
|
|a Singapore :
|b Page One Publishing ,
|c c2006
|
| 300 |
|
|
|a 256 p. :
|b ill. (col.) ;
|c 24 cm.
|e 1 CD-ROM (4 3/4 in.)
|
| 500 |
|
|
|a CD-ROM in pocket
|
| 650 |
|
0 |
|a Advertising layout and typography
|z United States
|
| 650 |
|
0 |
|a Advertising layout and typography
|z United States
|v Software
|
| 650 |
|
0 |
|a Graphic design (Typography)
|z United States
|x History
|y 20th century
|
| 650 |
|
0 |
|a Layout (Printing)
|z United States
|
| 999 |
|
|
|a 1000120176
|b Book
|c OPEN SHELF (30 DAYS)
|e Tembila Campus
|
| 999 |
|
|
|a 1000120177
|b CD-ROM
|c Close Access
|e Tembila Campus
|